000 00589nam a2200229Ia 4500
003 OSt
005 20220918203424.0
006 a|||||r|||| 00| 0
007 ta
008 220917b |||||||| |||| 00| 0 eng d
024 _a108,186
037 _cTextual
040 _aARTS
_cARTS
_beng
041 _2eng
_aeng
082 _aV4313:1:N6, K7
100 _aBain Chester A
_9108497
245 0 _aVietnam
_bThe roots of conflicts
260 _aNA
_bNA
_c1967
650 _aHISTORY
942 _hV4313:1:N6, K7
_cTEXL
_2CC
999 _c231540
_d231540